[Event "Dortmund op-B"]
[Site "Dortmund"]
[Date "2009.07.06"]
[Round "3"]
[White "Kartsev, Nikolaj"]
[Black "Pfeffer, Josef"]
[Result "0-1"]
[WhiteElo "675"]
[BlackElo "1237"]
[PlyCount "48"]
[EventDate "2009.07.04"]
[EventType "swiss"]
[EventRounds "9"]
[EventCountry "GER"]
[SourceTitle "EXT 2012"]
[Source "ChessBase"]
[SourceDate "2011.11.24"]
[SourceVersion "1"]
[SourceVersionDate "2011.11.24"]
[SourceQuality "1"]

1. e4 e5 2. Nc3 c6 3. f4 exf4 4. Nf3 d6 5. d4 Bg4 6. Bxf4 g6 7. e5 dxe5 8. Bxe5 f6 9. Bf4 Bd6 10. Be3 b5 11. Qe2 Qe7 12. Qf2 Bf4 13. Nd1 Nh6 14. h3 Bxf3 15. Qxf3 Nf5 16. Ke2 Bxe3 17. Nxe3 Nxd4+ 18. Ke1 Nxf3+ 19. gxf3 Qxe3+ 20. Kd1 Qxf3+ 21. Ke1 Qxh1 22. Rd1 Qe4+ 23. Be2 0-0 24. Rd3 Re8 0-1